LEADER 01109nam0-2200301---450- 001 990009312070403321 005 20111102175820.0 010 $a978-88-492-2029-2 035 $a000931207 035 $aFED01000931207 035 $a(Aleph)000931207FED01 035 $a000931207 100 $a20110127d2010----km-y0itay50------ba 101 0 $aita 102 $aIT 105 $aa-------001yy 200 1 $aLinee guida per la valutazione e riduzione del rischio sismico del patrimonio culturale$eallineamento alle nuove Norme tecniche per le costruzioni$ecircolare n. 26, 2 dicembre 2010$fMinistero per i beni e le attivitą culturali, Segretariato generale 210 $aRoma$cGangemi Editori$d2010 215 $a431 p.$d24 cm 610 0 $aBeni culturali$aTutela 710 01$aItalia.$bMinistero per i beni e le attivitą culturali$0299644 801 0$aIT$bUNINA$gRICA$2UNIMARC 901 $aBK 912 $a990009312070403321 952 $a17.722$b9224$fDARST 959 $aDARST 996 $aLinee guida per la valutazione e riduzione del rischio sismico del patrimonio culturale$9771810 997 $aUNINA LEADER 01052nam--2200337---450- 001 990003503200203316 005 20110223142630.0 035 $a000350320 035 $aUSA01000350320 035 $a(ALEPH)000350320USA01 035 $a000350320 100 $a20110223d1962----km-y0itay50------ba 101 $aita 102 $aIT 105 $a||||||||001yy 200 1 $aProblemi diagnostici della chirurgia d'urgenza$ele grandi sindromi traumatiche$fMario Sebastini 210 $aBari$cCressati$d1962 215 $a210 p.$cill.$d24 cm 300 $aIn testa al front.: Clinica chirurgica generale dell'Universita di Bari 606 0 $aChirurgia d'urgenza$2BNCF 676 $a617.026 700 1$aSEBASTINI,$bMario$0609533 801 0$aIT$bsalbc$gISBD 912 $a990003503200203316 951 $aFDC 319$b1040 Med.$cFDC 959 $aBK 969 $aMED 979 $aMANCUSO$b90$c20110223$lUSA01$h1418 979 $aMANCUSO$b90$c20110223$lUSA01$h1426 996 $aProblemi diagnostici della chirurgia d'urgenza$91114618 997 $aUNISA